1073 1003 1912 1134 1197 1396 1524 1641 1673 1807 1477 1801 1421 1054 1003 1698 1535 1798 1262 1200 1959 1355 1851 1350 1145 1207 1336 1185 1657 1152 1343 1738 1552 1324 1468 1273 1120 1910 1625 1495 1417 1393 1711 1512 1818 1027 1514 1038 1301 1881 1887 1196 1783 1979 1366 1178 1175 1538 1148 1253 1713 1127 1046 1293 1529 1117 1327 1423 1419 1517 1874 1570 1265 1935 1156 1380 1468 1096 1674 1863 1563 1618 1293 2000 1441 1499 1211 1364 1175 1891 1486 1201 1778 1469 1688 1654 1312 1141 1312 BCNSPRNW ULIB Ver.6.0+V

เปลี่ยนเป็นภาษาไทย

Change to English
 แสดงรายละเอียดบรรณานุกรม
  กลับหน้าหลัก

Brief Record : Get Marc (ISO 2709) : E-mail record : QR code < ปิดหน้าต่าง
LEADER : 00000nas 2200000uu 4500
001    13399125469
003     ULIB
008    170612s2560||||th 000 0 tha d
022 0  ^a24653934
110 1  ^aผู้จัดการสุดสัปดาห์
245 00 ^aผู้จัดการสุดสัปดาห์
260    ^aกรุงเทพฯ :^bผู้จัดการสุดสัปดาห์,^cม.ป.ป.
300    ^a58 หน้า
310    ^aรายสัปดาห์
850 ^a ULIB^bฉบับที่ 399 ปีที่ 8 ฉ.1 ;ฉบับที่ 400 ปีที่ 8 ฉ.1 ;ฉบับที่ 401 ปีที่ 8 ฉ.1
945    ^p50^l0^i904518
945    ^p50^l0^i904531
945    ^p50^l0^i904536
999    ^aวรรณษา ชูชัยมงคล
รายการนี้ยังไม่มีแท็ก
คุณยังไม่ได้ล็อกอิน คุณสามารถมีกิจกรรมร่วมกับเว็บไซต์ได้ แต่ต้องล็อกอินก่อน ::
  ล็อกอิน

รายการสื่อสารสนเทศ (วารสาร)

ดูแบบ: กล่อง รายการ
ARRIVED
ฉบับที่ 399 ปีที่ 8 ฉ.1
สถานที่: ห้องสมุดวิทยาเขตสวรรค์ประชารักษ์ >หนังสือพิมพ์
ARRIVED
ฉบับที่ 400 ปีที่ 8 ฉ.1
สถานที่: ห้องสมุดวิทยาเขตสวรรค์ประชารักษ์ >หนังสือพิมพ์
ARRIVED
ฉบับที่ 401 ปีที่ 8 ฉ.1
สถานที่: ห้องสมุดวิทยาเขตสวรรค์ประชารักษ์ >หนังสือพิมพ์

BibComment


ยังไม่เคยถูกคอมเมนท์

คอมเมนท์ทรัพยากรรายการนี้
  คอมเมนท์: ผู้จัดการสุดสัปด..


 Copyright 2026. Bcnsprnw @Library